| 000 | 01067nam a2200229Ia 4500 | ||
|---|---|---|---|
| 999 |
_c39803 _d39803 |
||
| 001 | 6408 | ||
| 003 | GE_BSU | ||
| 005 | 20190611181150.0 | ||
| 008 | 181216s1962||||ge |||||||||||||| ||geo|| | ||
| 040 | _cGE_BSU | ||
| 041 | _ageo | ||
| 080 | _a625.11(075.8) + 725.4 კ-73 | ||
| 100 |
_aკონიაშვილი, ა. _9684 |
||
| 245 |
_aრკინიგზის კვლევა-ძიება და დაგეგმარება. პირველი ნაწილი : _bსახელმძღვ. / _cა.კონიაშვილი ; რედ. ნ. როინიშვილი. |
||
| 264 |
_aთბილისი : _bსპი, _c1962. |
||
| 300 |
_a286 გვ. : _bნახაზები, დანართები : გვ. 273 ; _c22 სმ. |
||
| 300 | _e. | ||
| 653 | _aრკინიგზის კვლევა-ძიება და დაგეგმარება | ||
| 653 | _aრკინიგზა | ||
| 700 |
_aროინიშვილი, ნ. _eრედაქტორი _92415 |
||
| 942 |
_cBK _2udc |
||